Normal view MARC view

Entry Topical Term

Number of records used in: 1

001 - CONTROL NUMBER

  • control field: 250069

003 - CONTROL NUMBER IDENTIFIER

  • control field: OSt

005 - DATE AND TIME OF LATEST TRANSACTION

  • control field: 20260105095422.0

008 - FIXED-LENGTH DATA ELEMENTS

  • fixed length control field: 260105|| aca||aabn | a|a d

040 ## - CATALOGING SOURCE

  • Original cataloging agency: OSt
  • Transcribing agency: OSt

150 ## - HEADING--TOPICAL TERM

  • Topical term or geographic name entry element: Inside a visual basic program

670 ## - SOURCE DATA FOUND

  • Source citation: Work cat.: (OSt)181085: Wright, Peter. 250067, Beginning visual basic 5 /, 1997.